Industrial Revolution in the Territory of Recent Slovakia and Košice

Opis histórie ťažobného inžinierstva v kontexte strednej Európy.

Guardado en:
Detalles Bibliográficos
Autor principal: Šeminský, Jaroslav
Formato: Capítulo de libro
Lenguaje:inglés
Materias:
Etiquetas: Agregar Etiqueta
Sin Etiquetas, Sea el primero en etiquetar este registro!

MARC

LEADER 00000nla a2200000 4500
001 0247533
005 20240417075145.2
041 0 |a eng 
044 |a RO 
245 1 0 |a Industrial Revolution in the Territory of Recent Slovakia and Košice  |c Jaroslav Šeminský 
520 |a Opis histórie ťažobného inžinierstva v kontexte strednej Európy. 
610 2 0 |a Slovensko 
610 2 0 |a história 
610 2 0 |a priemysel ťažobný 
610 2 0 |a revolúcia priemyselná 
100 1 |a Šeminský, Jaroslav